000 01394nam a22003491i 4500
001 bslw10058106
005 20240305165652.0
006 m o d
007 cr un ---uuuua
008 230610s2011 sp ob 001 0 spa d
020 _a9788413816043
035 _a38515
040 _aUtOrBLW
_beng
_erda
_cUtOrBLW
050 4 _aK2390
_b.C43 2011
082 0 4 _a347.09
_223
100 1 _aChase, Oscar G.,
_eauthor.
240 1 0 _aLaw, culture, and ritual.
_lSpanish
245 1 0 _aDerecho, cultura y ritual :
_bsistemas de resolución de controversias en un contexto intercultural /
_cOscar G. Chase ; traducción de Fernando Martín Diz (Profesor Titular de Derecho Procesal, Universidad de Salamanca).
264 1 _aMadrid :
_bMarcial Pons,
_c2011.
300 _a1 online resource (207 pages)
336 _atext
_btxt
_2rdacontent
337 _acomputer
_bc
_2rdamedia
338 _aonline resource
_bcr
_2rdacarrier
490 1 _aColección Proceso y derecho
500 _aTítulo original: Law, culture, and ritual : disputing systems in cross-cultural context. New York : New York University Press, 2005.
504 _aIncludes bibliographical references and index.
650 0 _aDispute resolution (Law)
700 1 _aMartín Diz, Fernando,
_etranslator.
830 0 _aColección Proceso y derecho.
856 4 0 _uhttps://app.vlex.com/#/sources/38515
942 _cRAA
999 _c172840
_d172840